| Tag |
First Indicator |
Second Indicator |
Subfields |
| LEADER |
00000cam a2200000I 4500 |
| 001 |
in00001561221 |
| 005 |
20151022070306.0 |
| 007 |
he auu---bubu |
| 008 |
740712s1863 pau b 000 0 eng d |
| 010 |
|
|
|a nuc87575520
|
| 035 |
|
|
|a (OCoLC)ocm00943980
|
| 040 |
|
|
|a LCP
|c MIA
|d RQM
|d OCL
|d TXA
|d UtOrBLW
|
| 043 |
|
|
|a n-us---
|
| 049 |
|
|
|a TXAM
|
| 050 |
1 |
0 |
|a E458.3
|b .K35
|
| 099 |
|
|
|a fiche
|a C
|a 20442
|
| 100 |
1 |
|
|a Kennedy, John Pendleton,
|d 1795-1870.
|
| 245 |
1 |
0 |
|a Slavery the mere pretext for the rebellion :
|b not its cause. Andrew Jackson's prophecy in 1833. His last will and testament in 1843. Bequests of his three swords ... Picture of the conspiracy /
|c Drawn in 1863, by a southern man.
|
| 264 |
|
1 |
|a Philadelphia :
|b C. Sherman,
|c 1863.
|
| 300 |
|
|
|a 16 pages ;
|c 24 cm.
|
| 336 |
|
|
|a text
|b txt
|2 rdacontent
|
| 337 |
|
|
|a microform
|b h
|2 rdamedia
|
| 338 |
|
|
|a microfiche
|b he
|2 rdacarrier
|
| 500 |
|
|
|a Cover-title.
|
| 500 |
|
|
|a Text on 2d-4th pages of cover.
|
| 500 |
|
|
|a Signed: Paul Ambrose [pseud.]
|
| 500 |
|
|
|a From the National intelligencer, Washington, March 1863.
|
| 500 |
|
|
|a Master microform held by: LCP.
|
| 533 |
|
|
|a Microfiche (positive).
|b Louisville, Ky.,
|c Lost Cause Press,
|d 19--.
|e 2 sheets. 11 x 15 cm.
|f ([Slavery, source material and critical literature])
|
| 500 |
|
|
|a Microform.
|
| 651 |
|
0 |
|a United States
|x Politics and government
|y 1861-1865.
|
| 650 |
|
0 |
|a Slavery
|z United States
|x Controversial literature.
|
| 830 |
|
0 |
|a Slavery, source material and critical literature.
|
| 994 |
|
|
|a E0
|b TXA
|
| 948 |
|
|
|a cataloged
|b h
|c 2000/8/31
|d c
|e ceaton
|f 11:17:42 am
|
| 999 |
|
|
|a MARS
|
| 999 |
f |
f |
|s 676eee01-439b-3f6c-a5f2-22ccd8612cd9
|i 18d1149d-bde7-30fd-b597-70319116b290
|t 0
|
| 952 |
f |
f |
|p normal
|a Texas A&M University
|b College Station
|c Sterling C. Evans Library
|d Evans: Microforms (3rd floor)
|t 0
|e fiche C 20442
|h Other scheme
|i microform -- microfiche
|
| 998 |
f |
f |
|a fiche C 20442
|t 0
|l Evans: Microforms (3rd floor)
|